Dan Castellaneta Filmography - Statistics

General Stats
  • This quiz has been taken 76 times
    52 since last reset
  • The average score is 30 of 293
Answer Stats
Type Year Name % Correct
TV Show 1989-Present The Simpsons
100%
Video Game 1991 The Simpsons
100%
Film 2007 The Simpsons Movie
100%
TV Show 1990 ALF
71%
TV Show 1990 Bagdad Café
71%
TV Show 1987-1990 The Tracey Ullman Show
71%
TV Show 1991 Dream On
43%
TV Show 1999-2013, 2023, 2025 Futurama
43%
TV Show 1990, 1992 Married... with Children
43%
TV Show 1991-1992 Sibs
43%
TV Show 1990 TaleSpin
43%
TV Show 1990 The Adventures of Dynamo Duck
43%
TV Show 1994-1995 Aladdin
29%
TV Show 1994 Bakersfield P.D.
29%
TV Show 1990-1993 Bobby's World
29%
TV Show 1997 Cybill
29%
TV Show 1992-1996 Eek! The Cat
29%
TV Show 1998, 2001 Everybody Loves Raymond
29%
TV Show 1996 Friends
29%
TV Show 1994 Grace Under Fire
29%
TV Show 1996-2004 Hey Arnold!
29%
Film 2002 Hey Arnold!: The Movie
29%
TV Show 1992 L.A. Law
29%
TV Show 1999 Mad About You
29%
TV Show 1995 Murphy Brown
29%
TV Show 1999 Nash Bridges
29%
TV Show 1996 NYPD Blue
29%
TV Show 1999 Oh, Grow Up
29%
TV Show 1991-1995 Taz-Mania
29%
TV Show 1997 The Drew Carey Show
29%
TV Show 1994 The George Carlin Show
29%
TV Show 1994 Wings
29%
TV Show 2001 Yes, Dear
29%
TV Show 1997 101 Dalmatians: The Series
14%
TV Show 1994 Aaahh!!! Real Monsters
14%
Short Film 2004 Adventures in Homeschooling
14%
TV Show 1993 Animaniacs
14%
TV Show 2005 Arrested Development
14%
TV Show 2002-2004 As Told by Ginger
14%
TV Show 1991-1992 Back to the Future: The Animated Series
14%
TV Show 2000, 2001 Batman Beyond
14%
TV Show 1994 Beethoven
14%
TV Film 2004 Behind the Camera: The Unauthorized Story of 'Charlie's Angels'
14%
TV Show 2009 Bones
14%
TV Show 2000 Buzz Lightyear of Star Command
14%
TV Show 2006, 2007 Campus Ladies
14%
TV Show 2009, 2011 Castle
14%
Film 2007 Chasing Robert
14%
TV Show 2004 Complete Savages
14%
TV Show 1997-1999 Cow and Chicken
14%
TV Show 2013 Dads
14%
TV Show 1991-1992 Darkwing Duck
14%
TV Show 2009 Desperate Housewives
14%
TV Show 1999 Detention
14%
TV Show 1992 Dinosaurs
14%
TV Show 1998-1999 Disney's Hercules: The Animated Series
14%
TV Show 2001 Disney's House of Mouse
14%
TV Show 1995, 1997 Duckman: Private Dick/Family Man
14%
TV Show 1995-1996 Earthworm Jim
14%
TV Show 2007 Entourage
14%
TV Show 2012, 2014, 2020 Family Guy
14%
Film 2015 Fantastic Four
14%
TV Show 1992 Fievel's American Tails
14%
Film 1995 Forget Paris
14%
TV Show 2003 Frasier
14%
TV Show 2009 Ghost Whisperer
14%
TV Show 1992 Goof Troop
14%
TV Show 2007-2011 Greek
14%
Film 2003 Harold Buttleman, Daredevil Stuntman
14%
Short Film 2007 Hellboy Animated: Iron Shoes
14%
Film 2007 Hellboy: Blood and Iron
14%
TV Show 1998-2001 Histeria!
14%
TV Show 2009 How I Met Your Mother
14%
TV Show 1998-1999 I Am Weasel
14%
Film 2006 I-See-You.Com
14%
Film 2006 I Want Someone to Eat Cheese With
14%
TV Show 1997, 1999 Johnny Bravo
14%
Film 1989 K-9
14%
TV Film 1992 Lady Against the Odds
14%
TV Film 2001 Laughter on the 23rd Floor
14%
TV Show 2001-2002 Lloyd in Space
14%
Film 1994 Love Affair
14%
TV Show 1992 Love & War
14%
TV Show 2003 Lucky
14%
TV Show 2013 Major Crimes
14%
TV Show 1993 Marsupilami
14%
TV Show 2008 Monk
14%
Film 1998 My Giant
14%
TV Show 1997 Nightmare Ned
14%
Film 1986 Nothing in Common
14%
TV Show 2011, 2012, 2014 Parks and Recreation
14%
TV Show 1993 Phenom
14%
Film 1997 Plump Fiction
14%
TV Show 1993-1994 Problem Child
14%
TV Show 1996 Quack Pack
14%
TV Show 2002, 2003 Reba
14%
TV Pilot 1994 Related by Birth
14%
TV Film 2009 Relative Stranger
14%
Film 2008 Remembering Phil
14%
TV Show 2008 Reno 911!
14%
TV Film 1998 Rhapsody in Bloom
14%
TV Show 1994-2003 Rugrats
14%
TV Film 2007 Sands of Oblivion
14%
Film 1989 Say Anything...
14%
Film 2010 Scratching the Surface
14%
TV Show 1991-1999 Sesame Street
14%
TV Show 1993 Sonic the Hedgehog
14%
Film 1996 Space Jam
14%
TV Show 2005 Stargate SG-1
14%
Film 2011 Super 8
14%
Film 2008 Superhero Movie
14%
TV Show 2003 That '70s Show
14%
TV Show 2004, 2005, 2008 The Batman
14%
Film 1994 The Client
14%
TV Film 1995 The Computer Wore Tennis Shoes
14%
TV Show 1994 The Critic
14%
TV Show 2010 The Good Guys
14%
TV Short 2006 The Jeff Garlin Program
14%
TV Show 2014 The League
14%
TV Show 1995 The Mask: Animated Series
14%
TV Show 2013 The Mindy Project
14%
TV Show 2001 The New Woody Woodpecker's Show
14%
TV Show 2012 The Office
14%
TV Show 1992 The Oprah Winfrey Show
14%
TV Show 1993, 1995, 1996 The Pink Panther
14%
TV Show 2003 The Pitts
14%
Film 2006 The Pursuit of Happyness
14%
Film 1994 The Return of Jafar
14%
Film 1999 The Settlement
14%
TV Documentary 2010 The Simpsons 20th Anniversary Special - In 3-D! On Ice!
14%
Video Game 1999 The Simpsons Bowling
14%
Video Game 2007 The Simpsons Game
14%
Video Game 2003 The Simpsons: Hit & Run
14%
Theme Park Attraction 2008 The Simpsons Ride
14%
Video Game 2002 The Simpsons Skateboarding
14%
TV Show 1996-1998 The Spooktacular New Adventures of Casper
14%
TV Show 1994 The Tick
14%
TV Show 1995, 1996 The Twisted Tales of Felix the Cat
14%
Film 1989 The War of the Roses
14%
TV Show 1999 The Woody Woodpecker Show
14%
TV Show 1992 Tiny Toon Adventures
14%
TV Show 2010 Tracey Ullman's State of the Union
14%
TV Special 1993 Tracey Ullman Takes On New York
14%
TV Show 1995 Turbocharged Thunderbirds
14%
TV Show 2006 Veronica Mars
14%
TV Show 2013 Wendell & Vinnie
14%
TV Show 2022 9-1-1: Lone Star
0%
Video Game 1994 Aladdin Activity Center
0%
Film 1998 Aladdin's Arabian Adventures
0%
Short Film 1998 Aladdin's Arabian Adventures: Creatures of Invention
0%
Short Film 1998 Aladdin's Arabian Adventures: Fearless Friends
0%
Short Film 1995 Aladdin's Arabian Adventures: Magic Makers
0%
Short Film 1996 Aladdin's Arabian Adventures: Team Genie
0%
Film 1996 All Dogs Go to Heaven 2
0%
TV Show 2003 All Grown Up!
0%
TV Show 2007 American Idol
0%
Theater 2000 American Splendor
0%
TV Show 2015 Baby Daddy
0%
Short Film 2021 Balenciaga
0%
TV Special 1991 Big Bird's Birthday of Let Me Eat Cake
0%
Video Game 2007 BioShock
0%
Video Game 2010 BioShock 2
0%
Music Video 1991 Black or White
0%
TV Show 2019 Brockmire
0%
Video Game 2017 Bubsy: The Woolies Strike Back
0%
Video Game 2006 Cartoon Network Racing
0%
TV Film 2006 Casper's Scare School
0%
Video Game 1997 ClayFighter 63⅓
0%
TV Special 1990 Comic Relief IV
0%
TV Short 2013 Continuing Fred
0%
Short Film 2000 CyberWorld
0%
TV Short 1995 Daisy-Head Mayzie
0%
Commercial 2019 Disney+
0%
Video Game 2000 Disney's Aladdin in Nasira's Revenge
0%
Video Game 2008 Disney TH!NK Fast
0%
Film 1991 Don't Tell Mom the Babysitter's Dead
0%
Music Video 1990 Do the Bartman
0%
Video Game 1998 Driver
0%
Short Film 1995 Driving Mr. Pink
0%
TV Show 2003 Duck Dodgers
0%
Video Game 1999 Earthworm Jim 3D
0%
TV Show 2005 Firehouse Tales
0%
Theater 2017 For Piano and Harpo
0%
TV Special 2012 FOX 25th Anniversary Special
0%
Film 2008 Futurama: The Beast with a Billion Backs
0%
Web Series TBA Goblins Animated
0%
Web Series 2018 Google Translate
0%
Video Game 2006 Happy Feet
0%
Video Game 1997 Herc's Adventures
0%
Short Film 1994 Hey Arnold!: 24 Hours to Live
0%
TV Film 2017 Hey Arnold!: The Jungle Movie
0%
Film 1997 Hey Arnold!: Urban Adventures
0%
Film 2008 Horton Hears a Who!
0%
TV Show 2014 Hot in Cleveland
0%
Film 2014 Humphrey
0%
Film 2008 Immigrants
0%
Commercial 1998 Intel
0%
TV Show 2002 Jackie Chan Adventures
0%
Film 2005 Jasmine's Enchanted Tales: Journey of a Princess
0%
Short Film 1999 Jasmine's Wish
0%
TV Show 2016 Jimmy Kimmel Live!
0%
Film 2000 Joseph: King of Dreams
0%
TV Show 2003 Justice League
0%
TV Show 2002 Kim Possible
0%
Film 2003 Kim Possible: The Secret Files
0%
Video Game 2002 Kingdom Hearts
0%
Video Game 2013 Kingdom Hearts HD 1.5 Remix
0%
Video Game 2014 Kingdom Hearts HD 2.5 Remix
0%
Video Game 2005 Kingdom Hearts II
0%
Video Game 2008 Kingdom Hearts Re: Chain of Memories
0%
Video Game 1992 Krusty's Super Fun House
0%
TV Show 2014 Last Week Tonight with John Oliver
0%
TV Show 2003-2015 Late Show with David Letterman
0%
TV Show 2006 Legion of Super Heroes
0%
Video Game 2015 Lego Dimensions
0%
TV Show 2005 Loonatics Unleashed
0%
Short Documentary 2007 Making Pursuit: An Italian Take on the American Dream
0%
Commercial 2004 MasterCard
0%
Short Film 2024 May the 12th Be with You
0%
Web Series 2019 Merry Happy Whatever
0%
Video Game 2003 Metal Arms: Glitch in the System
0%
Music Video 1991 Monster in the Mirror
0%
Theater 2005 Moonlight and Magnolias
0%
TV Show 2005 My Life as a Teenage Robot
0%
Theater 2006 Nighthawks
0%
Commercial 1998 Office Depot
0%
TV Film 1999 Olive, the Other Reindeer
0%
TV Film 2004 Party Wagon
0%
Video Game 1999 Planescape: Torment
0%
TV Short 2016 Planet of the Couches
0%
Short Film 2020 Playdate with Destiny
0%
TV Show 2000-2003 Poochini's Yard
0%
TV Show 2014 Quick Draw
0%
Film 2001 Recess: School's Out
0%
Film 2003 Recess: Taking the Fifth Grade
0%
Film 2002 Return to Never Land
0%
TV Show 2007 Rove Live
0%
Film 2000 Rugrats in Paris: The Movie
0%
Film 2006 Scooby-Doo! Pirates Ahoy!
0%
TV Special 1993 Sesame Street Jam: A Musical Celebration
0%
Film 2023 Shelter in Solitude
0%
Video Game 1995 Show White and the Magic Mirror: Interactive Storybook
0%
Short Film 1994 Snow White and the Magic Mirror
0%
TV Documentary 2017 Springfield of Dreams: The Legend of Homer Simpson
0%
TV Special 2008, 2012 Stand Up to Cancer
0%
Film 1993 Super Mario Bros.
0%
TV Show 2003 The Adventures of Jimmy Neutron: Boy Genius
0%
Theater 2000 The Alchemist
0%
TV Special 1990 The Best of the Tracey Ullman Show
0%
Theater 2007 The Bicycle Men
0%
Film 1998 The Brave Little Toaster Goes to Mars
0%
Film 1997 The Brave Little Toaster to the Rescue
0%
Film 2003 The Cat in the Hat
0%
Short Film 2021 The Good, the Bart, and the Loki
0%
Short Film 1995 The Greatest Treasure
0%
TV Special 1990 The Ice Capades 50th Anniversary Special
0%
TV Film 2004 The Jimmy Timmy Power Hour
0%
Theater 1999 The Odd Couple
0%
TV Short 1997 The Online Adventures of Ozzie the Elf
0%
TV Show 2003 The Shnookums and Meat Funny Cartoon Show
0%
Short TV Documentary 2010 The Simpsons: Access All Areas
0%
TV Documentary 2000 'The Simpsons':: America's First Family
0%
Film 2002 The Simpsons: Backstage Pass
0%
Video Game 1996 The Simpsons Cartoon Studio
0%
Film 2003 The Simpsons Christmas
0%
Film 2004 The Simpsons Christmas 2
0%
TV Short 2004 The Simpsons' Christmas Message
0%
TV Short 1988 The Simpsons: Family Portrait
0%
TV Short 1989 The Simpsons: Family Therapy
0%
Web Special 2024 The Simpsons Funday Football
0%
Short Film 2021 The Simpsons in Plusaversary
0%
Short Film 2022 The Simpsons Meet the Bocellis in Feliz Navidad
0%
Short Film 2022 The Simpsons: Nazis on Tap
0%
Video Game 2001 The Simpsons: Road Rage
0%
Film 2014 The Simpsons Take the Bowl
0%
Video Game 2012 The Simpsons: Tapped Out
0%
Video Game 1997 The Simpsons: Virtual Springfield
0%
Video Game 2001 The Simpsons Wrestling
0%
TV Show 2007 The Tonight Show with Jay Leno
0%
TV Film 2015 The Unauthorized Beverly Hills, 90210 Story
0%
TV Film 2015 The Unauthorized Melrose Place Story
0%
Theater 2004 The Underpants
0%
TV Documentary 2004 The World According to 'The Simpsons'
0%
Film 2006 Tom and Jerry: Shiver Me Whiskers
0%
TV Special 2016 Tony Bennett Celebrates 90: The Best Is Yet to Come
0%
Video Game 1996 Toonstruck
0%
TV Short 2015 Trumptastic Voyage
0%
Theater 2012 Twist Your Dickens
0%
Video Game 1994 Virtual Bart
0%
TV Show 2005 What's New, Scooby-Doo?
0%
Short Film 2014 Willie's Views on Scottish Independence
0%
TV Film 1990 Working Tra$h
0%
Video Game 1999 Y2K: The Game
0%
No matching quizzes found
Score Distribution
Percent of People with Each Score
Percentile by Number Answered
Your Score History
You have not taken this quiz since the last reset